MARC

LEADER 00000nam0a2200000 4500
001 281801
005 20231031232856.0
035 |a (RuTPU)RU\TPU\book\305648 
090 |a 281801 
100 |a 20150126d1984 k y0rusy50 ca 
101 0 |a rus 
102 |a LV 
105 |a y z 100zy 
200 1 |a Проблемы комплексного использования древесного сырья  |e тезисы докладов Всесоюзной конференции  |f Академия наук Латвийской ССР (АН ЛатССР), Институт химии древесины 
210 |a Рига  |c Изд-во ин та химии древесины АН ЛатССР  |d 1984 
215 |a 378 с. 
606 |a Древесина  |x Использование  |2 stltpush  |3 (RuTPU)RU\TPU\subj\10107 
610 1 |a лесохимия 
610 1 |a химическая переработка 
610 1 |a целлюлоза 
610 1 |a химия 
610 1 |a технология 
610 1 |a производство 
610 1 |a гидролиз 
610 1 |a биоконверсия 
610 1 |a полисахариды 
610 1 |a расщепление 
610 1 |a сельское хозяйство 
610 1 |a применение 
610 1 |a модифицирование 
610 1 |a защита 
610 1 |a конференции 
610 1 |a тезисы докладов 
675 |a 674(063)  |v 3 
712 0 2 |a Академия наук Латвийской ССР (АН ЛатССР)  |b Институт химии древесины  |2 stltpush  |3 (RuTPU)RU\TPU\col\10627 
712 1 2 |a Проблемы комплексного использования древесного сырья  |c Всесоюзная конференция  |e Рига  |f 1984  |4 570 
801 1 |a RU  |b 63413507  |c 20150126 
801 2 |a RU  |b 63413507  |c 20170717  |g RCR 
942 |c BK